000 01671nam a22004217a 4500
001 000095365
003 CHAP
005 20220329143106.0
008 060309d2005 mx r 00110 spa d
010 _a91831
011 _a92803
035 _a103369
040 _cCHAP
090 _aTesis
100 0 0 _aTiburcio Rosales , Javier.
_9113031
245 1 0 _aOrdenamiento ecológico territorial utilizando la evaluación multicriterio, para el municipio de San Andrés, Chiautla, Edo. de México /
_c/por Javier Tiburcio Rosales.
260 _aChapingo, Méx. :
_bEl autor,
_c2005.
300 _a221 h. :
_bilus. ; mapas.
502 _aTesis (M.C. en Ciencias Forestales) -- UACH. División de Ciencias Forestales
590 _aALEPH
_b10
_c20130110
_lUCH01
_h1510
590 _aBATCH-UPD
_b10
_c20130110
_lUCH01
_h0419
590 _aBATCH-UPD
_b10
_c20130410
_lUCH01
_h0054
590 _aBATCH-UPD
_b10
_c20130914
_lUCH01
_h1723
590 _aBATCH-UPD
_b10
_c20140324
_lUCH01
_h1454
590 _aBATCH-UPD
_b10
_c20141002
_lUCH01
_h0829
590 _aCONVERSION
_b10
_c20130109
_lUCH01
_h1351
590 _aE12093SGE
_b10
_c20130604
_lUCH01
_h0829
650 1 4 _aLevantamiento fisiográfico
_xMéxico (Edo.)
_966412
650 1 4 _aPolítica ambiental
_xMéxico (Edo.)
_990427
650 1 4 _aRecursos naturales
_xAdministración
_zMéxico (Edo.).
_995181
856 _3Finding aid
_uhttp://10.13.5.2/tesis/103369.pdf
_zTeclea aquí
901 _aBK
905 _aAlejandra Carrasco M.
942 _cCD
942 _n0
949 _aTesis
_bBC
_cTES
_d00000001033691
_eTS1
_gDonaciØn
_h44542
_i103369
_sb
949 _aTesis
_bBC
_cTES
_d33724000999744
_eTS2
_fc.2
_gDonaciØn
_h44543
_i103369
_si
999 _c91831
_d91831